01537nabaa22002297a 4500999001500000003000400015005001700019008004100036040000700077100003700084245012500121300001300246500003700259505067400296505008900970650003201059650002901091650002101120700002601141773012701167942001301294 c6202d6202OSt20260125205019.0190701b xxu||||| |||| 00| 0 spa d cPJ 96922aFlores, Álvaro Bautista 13aLas perspectivas del contrato de concesión de obra pública en la República Argentina /cÁlvaro Bautista Flores.  ap. 62-80 aCita: TR LALEY AR/DOC/2727/2024  aSumario: I. Consideraciones iniciales.— II. Lineamientos acerca del contrato de concesión de obra pública.— III. Los principios aplicables al contrato de concesión de obra pública.— IV. Las modalidades en el contrato de concesión de obra pública.— V. La garantía del financiamiento.— VI. El procedimiento de selección, la iniciativa privada y el régimen legal aplicable.— VII. El contenido de la documentación contractual.— VIII. El mantenimiento de la ecuación económico-financiera.— IX. El tratamiento de la extinción anticipada de la concesión.— X. Los mecanismos de resolución de conflictos.— XI. Palabras finales.  t¿Te interesa el texto completo? Comunicate al correo: koha@justierradelfuego.gov.ar 09211aDERECHO ADMINISTRATIVO 093177aREFORMA DEL ESTADO 093463aCONTRATOS  96933aSraiber, Elisa 0 0284293251dBuenos Aires : AbeledoPerrot, 2012-oDA121tDerecho administrativo. Nº 156 noviembre/diciembre 2024z18510590 2udccANA